Central Library OPAC University of Rajshahi

The life of mammals / (Record no. 12198)

MARC details
000 -LEADER
fixed length control field 00782nam a2200265 a 4500
001 - CONTROL NUMBER
control field 12198
003 - CONTROL NUMBER IDENTIFIER
rucl marc code BD-RjUL
005 - DATE AND TIME OF LATEST TRANSACTION
control field 20211208235242.0
008 - FIXED-LENGTH DATA ELEMENTS--GENERAL INFORMATION
fixed length control field 140128t1966 enka b 001 0 eng u
035 ## - SYSTEM CONTROL NUMBER
System control number (BD-RjUL)12247
040 ## - CATALOGING SOURCE
Original cataloging agency DLC
Transcribing agency DLC
Modifying agency m.c
-- BD-RjUL
Language of cataloging eng
041 ## - LANGUAGE CODE
Language code of text/sound track or separate title eng
082 00 - DEWEY DECIMAL CLASSIFICATION NUMBER
Classification number 599
Edition number 16
Author mark and year YOL 1966
100 1# - MAIN ENTRY--PERSONAL NAME
Personal name Young, J. Z.
Fuller form of name (John Zachary),
Dates associated with a name 1907-1997
9 (RLIN) 37794
245 14 - TITLE STATEMENT
Title The life of mammals /
Statement of responsibility, etc. by J.Z. Young.
260 ## - PUBLICATION, DISTRIBUTION, ETC. (IMPRINT)
Place of publication, distribution, etc. Oxford :
Name of publisher, distributor, etc. Clarendon Press,
Date of publication, distribution, etc. 1966
300 ## - PHYSICAL DESCRIPTION
Pagination xv, 820 p. :
Illustrations ill. ;
Size 24 cm.
504 ## - BIBLIOGRAPHY, ETC. NOTE
Bibliography, etc Includes bibliographical reference and index.
650 #0 - SUBJECT ADDED ENTRY--TOPICAL TERM
Topical term or geographic name as entry element Mammals.
9 (RLIN) 37795
Topical term or geographic name as entry element Mammals
General subdivision Anatomy.
9 (RLIN) 37796
Topical term or geographic name as entry element Mammals
General subdivision Physiology.
9 (RLIN) 37797
942 ## - ADDED ENTRY ELEMENTS (KOHA)
Source of classification or shelving scheme Dewey Decimal Classification
Koha item type Books
Holdings
Lost status Source of classification or shelving scheme Damaged status Not for loan Collection code Permanent Location Current Location Shelving location Date acquired Source of acquisition Cost, normal purchase price Total Checkouts Full call number Date last seen Copy number Koha item type
  Dewey Decimal Classification     Non-fiction Central Library, University of Rajshahi Central Library, University of Rajshahi   12/08/1968 Sweets & Zeitlinger 90.00   599 YOL 1966 28/01/2014 C-3 Books
  Dewey Decimal Classification     Non-fiction Central Library, University of Rajshahi Central Library, University of Rajshahi   16/08/1968 Sweets & Zeitlinger 90.00   599 YOL 1966 17/11/2016 C-2 Books
  Dewey Decimal Classification   Not For Loan Non-fiction Central Library, University of Rajshahi Central Library, University of Rajshahi Reading Room 17/01/1970 Zeithinger 105.00   599 YOL 1957 29/05/2017 C-1 Books
  Dewey Decimal Classification     Non-fiction Central Library, University of Rajshahi Central Library, University of Rajshahi   17/01/1970 Zeithinger 105.00   599 YOL 1957 29/05/2017 C-4 Books
  Dewey Decimal Classification     Non-fiction Central Library, University of Rajshahi Central Library, University of Rajshahi   17/01/1970 Zeithinger 105.00   599 YOL 1957 29/05/2017 C-5 Books